| 000 | 01878cas a2200517 4500 | ||
|---|---|---|---|
| 001 | 11171742 | ||
| 003 | OSt | ||
| 005 | 20150616100032.0 | ||
| 007 | t| | ||
| 008 | 731115c19739999enkqr p 0 a0eng | ||
| 010 | _a 73644873 | ||
| 016 | 7 |
_a011764969 _2Uk |
|
| 022 | 0 |
_a0091-8296 _22 |
|
| 035 | _a(OCoLC)ocm01787681 | ||
| 037 | _bLorraine Pellon, Business Manager, P.O. Box 1041, New Canaan, Conn., 06840 | ||
| 040 |
_aDLC _beng _cDLC _dOCoLC _dNSDP _dNST _dAIP _dNSDP _dNST _dMH _dOCoLC _dDLC _dOCoLC _dATLA _dOCoLC _dCaQQL _dZP2 _dOCoLC _dUKMGB _dUkLSOA _dOCoLC _dDLC _dOCLCO _dDLC |
||
| 042 |
_apcc _ansdp |
||
| 050 | 0 | 0 |
_aBV2000 _b.M55 |
| 082 | 0 | 4 | _a266/.007 |
| 210 | 0 | _aMissiology | |
| 222 | 0 | _aMissiology | |
| 245 | 0 | 0 | _aMissiology. |
| 260 |
_a[Wilmore, Ky, etc., _bAmerican Society of Missiology] |
||
| 300 |
_av. _bill. _c23 cm. |
||
| 310 | _aQuarterly | ||
| 362 | 0 | _av. 1- Jan. 1973- | |
| 500 | _a"An international review." | ||
| 500 | _aVols. for <Jan. 2013- > published for the American Society of Missiology by Sage Publications. | ||
| 530 | _aAlso issued in online ed. | ||
| 590 | _aSERBIB/SERLOC merged record | ||
| 610 | 2 | 4 |
_aAmerican Society of Missiology. _vPeriodicals. |
| 650 | 0 |
_aMissions _vPeriodicals. |
|
| 650 | 6 |
_aMissiologie _vPériodiques. |
|
| 650 | 6 |
_aMissions _vPériodiques. |
|
| 710 | 2 | _aAmerican Society of Missiology. | |
| 776 | 1 |
_tMissiology (Online) _w(DLC) 2004221990 _w(OCoLC)57346936 |
|
| 776 | 0 | 8 |
_iOnline version: _tMissiology _w(OCoLC)759933613 |
| 780 | 0 | 2 |
_tPractical anthropology _x0032-633X _w(DLC) 63038045 _w(OCoLC)1762756 |
| 906 |
_a7 _bcbc _cserials _d3 _encip _f19 _gn-oclcserc |
||
| 942 |
_2lcc _cPER |
||
| 999 |
_c44723 _d44723 |
||